00599nam a22001937a 450000500170000001000220001702000260003903500170006503500140008203700200009603700130011608200160012910000250014524500950017026000460026527000540031130000210036570000190038620180212111613.0 aENG-122248  a9789381335895c375.00 aB-687854-865 aEN-105780 bSai Globaladpl bDBAD/PUB a 345.367067 aGoyal, Bhushan Kumar aBusiness laws :cby Bhushan Kumar Goyal [and] Kinneri Jain bchoice based credit system / aNew DelhibInternational book housec2016 a2/42, Ansari Road, Darya Ganj,bNew Delhie110002 a524p.c24cm(pbk) aJain, Kinneri